| 000 | 00394nam a2200145Ia 4500 | ||
|---|---|---|---|
| 008 | 231129s2008||||xx |||||||||||||| ||spa|| | ||
| 020 | _a978-958-701-992-6 | ||
| 040 | _bspa | ||
| 082 | _aCo861 H565b | ||
| 100 | _aHerrera Gómez Fernando | ||
| 245 | 0 | _aBreviario de Santana | |
| 260 | _c2008 | ||
| 264 | _aUniversidad Nacional de Colombia | ||
| 942 |
_2ddc _cBKS |
||
| 999 |
_c6348 _d6348 |
||